000
00286nam a22001217a 4500
008
180315b xxu||||| |||| 00| 0 eng d
041
_a
eng
080
_a
78
100
_a
45
101
_a
MUS
245
_a
DEVELOPING MUSICIANSHIP THROUGH AURAL SKILLS
_c
KENT.D.C
942
_2
udc
_c
BK
999
_c
45149
_d
45149